• 首页
  • 本馆介绍
  • 公告通知
  • 最新文献
  • 馆藏检索
  • 电子资源
  • 读者导购
  • 参考咨询
  • 我的图书馆
  • 登录
  • 详细信息显示
  • 放入我的书架
  • 预约/预借图书
  • 作者相关作品
  • 分类相关作品
  • 丛书相关作品
  • 出版社相关作品

书目信息

  • 表格格式
  • 工作单格式
  • 卡片格式
题名:
整流器
    
 
作者: 孙兆仪 编著
分册:  
出版信息: 北京   人民邮电出版社  1985
页数: 269页
开本: 19cm
丛书名: 邮电职工教育丛书
单 册:
中图分类: TM461 , TN342
科图分类:
主题词: 整流器--职工教育--教材 , 晶闸管 , 可控硅
电子资源:
ISBN:
000 00765nam0 2200301 45
001 0185020430
005 20040519102618.9
010    @dCNY1.60
091    @a15045.总2973-有5392
100    @a19900923d1985 em y0chiy0121 ea
101 0  @achi
102    @aCN@b110000
105    @ay z 000yy
106    @ar
200 10 @a整流器@Azheng liu qi@f孙兆仪编著
210    @a北京@c人民邮电出版社@d1985
215    @a269页@d19cm
225 2  @a邮电职工教育丛书
410  0 @120010@a邮电职工教育丛书
606    @a整流器@x职工教育@x教材
606 0  @a晶闸管
606 0  @a可控硅
690    @aTM461@v3
690    @aTN342
701  0 @a孙兆仪@Asun zhao yi@4编著
801  0 @aCN@b深圳图书馆@c20040519
801  2 @aCN@bNLC@c20040519
905    @f1@b141151@dTN342@e16
    
    整流器/孙兆仪编著.-北京:人民邮电出版社,1985
    269页;19cm.-(邮电职工教育丛书)
    
    
    ISBN :CNY1.60
    
●
相关链接 在E读中查询图书 在五车中查询图书 在当当中查询图书 在豆瓣中查询图书


正题名:整流器     索取号:TN342/16         预约/预借

序号 登录号 条形码 馆藏地/架位号 状态 备注
1 0141151   001352020   第三借阅区/ [索取号:TN342/16] 在馆    
2 0141152   001351986   第二样本阅览室/ [索取号:TN342/16] 在馆    
唐山师范学院图书馆 欢迎您!
大连网信软件有限公司© 版权所有